| 000 | 00423nam a22001697a 4500 | ||
|---|---|---|---|
| 003 | SGT | ||
| 020 | _a9788119613816 | ||
| 082 |
_a614.1 _bF24R |
||
| 100 | _aREDDY, N. SRINIVASA | ||
| 245 | _aFORENSIC MEDICINE & TOXICOLOGY QUIZ BOOK | ||
| 250 | _a1ST | ||
| 260 |
_aINDIA _bINNOVATIVE PUB _c2024 |
||
| 300 | _a139 | ||
| 650 | _aFORENSIC MEDICINE | ||
| 653 | _aFORENSIC MEDICINE & TOXICOLOGY QUIZ BOOK | ||
| 942 |
_2ddc _cBK |
||
| 999 |
_c33394 _d33394 |
||